Európska únia nechce dávať peniaze na paneláky
Európska únia nepočíta s príspevkami na obnovu panelových domov. Snaha Slovenska a Česka o získanie podpory cez štrukturálne fondy. Panelové domy ako sociálne bývanie. Podiel panelových bytov v niektorých štátoch v Európe.
Uložené v:
| Hlavný autor: | |
|---|---|
| Médium: | Kapitola |
| Jazyk: | Slovak |
| Predmet: | |
| Tagy: |
Žiadne tagy, Buďte prvý, kto otaguje tento záznam!
|
MARC
| LEADER | 00000naa$a2200000$$$4500 | ||
|---|---|---|---|
| 001 | 0031725 | ||
| 005 | 20231004130227.1 | ||
| 041 | 0 | |a slo | |
| 044 | |a SK | ||
| 245 | 1 | 0 | |a Európska únia nechce dávať peniaze na paneláky |c Daniela Zverková |
| 520 | |a Európska únia nepočíta s príspevkami na obnovu panelových domov. Snaha Slovenska a Česka o získanie podpory cez štrukturálne fondy. Panelové domy ako sociálne bývanie. Podiel panelových bytov v niektorých štátoch v Európe. | ||
| 610 | 2 | 0 | |a stavebníctvo |
| 610 | 2 | 0 | |a výstavba bytová |
| 610 | 2 | 0 | |a opravy |
| 610 | 2 | 0 | |a investície finančné |
| 610 | 2 | 0 | |a fondy štruktúrne |
| 610 | 2 | 0 | |a Slovensko |
| 610 | 2 | 0 | |a Česko |
| 610 | 2 | 0 | |a Európska únia |
| 100 | 1 | |a Zverková, Daniela | |